Pays ayant le russe comme langue officielle - Statistiques

Statistiques générales
  • Ce quiz a été pris 221 fois
  • Le résultat moyen est 8 sur 11
Statistiques - réponses
Continent Langue officielle Pays % Correct
Europe avec 1 autre Ukraine
97%
Europe/Asie Unique Russie
96%
Europe avec 1 autre Biélorussie
95%
Europe/Asie avec 1 autre Kazakhstan
86%
Europe avec 2 autres Moldavie
76%
Europe avec 1 autre Pologne
68%
Asie avec 1 autre Tadjikistan
66%
Asie avec 1 autre Kirghizistan
64%
Europe avec 1 autre Roumanie
59%
Asie avec 1 autre Chine
35%
Europe avec 1 autre Tchéquie
29%
Aucun quiz correspondant
Distribution des résultats
% des personnes avec chaque résultat
Percentile par nombre de réponses
Votre historique - résultats
Vous n’avez pas pris ce quiz